000 00403nam a22001457a 4500
999 _c529148
_d529148
003 NUST
038 _aMSOHAIL
082 _a0
100 _aAltaf Hussain Hali
_921015
110 _4آلطاف حسین حالی
245 _aمقدّمَہ شِعروشَاعِری ............ Mukadema Sher -o- Shayeri
260 _aLahore
_bKhazena ilmo adab
_cc
300 _a183,p;'
_c22cm
_eH.B
942 _2ddc
_cBK